00706nam a2200229Ia 4500003000400000005001700004008004100021020001800062040001800080041000800098082001900106100002100125245009800146250001300244260005700257300002000314650003500334650004000369650002200409700002100431700002400452OSt20220709114808.0210716s2004 xx 000 0 und d a9789332549593 cAIMIT LIBRARY aeng a511.826bKOLB aKolman, Bernard. aDiscrete mathematical structures /cBy Bernard Kolman, Robert C Busby and Sharon Cutler Ross. a6th ed. aNew Delhi :bPrentice Hall of India PVt Ltd ,c2016. a540p. ;c25 cm. aOrder relations and structures aLanguages and finite state machines aGroups and coding aBusby, Robert C. aRoss, Sharon Culter